书目信息 |
| 题名: |
小型污水处理与回用技术及装置
|
|
| 作者: | 侯立安 主编 | |
| 分册: | ||
| 出版信息: | 北京 化学工业出版社 2003.01 |
|
| 页数: | 366页 | |
| 开本: | 20cm | |
| 丛书名: | ||
| 单 册: | ||
| 中图分类: | X703 | |
| 科图分类: | ||
| 主题词: | 废物 , 安全科学 , 劳动保护 , 废物处理 , 废物综合利用 | |
| 电子资源: | ||
| ISBN: | 7-5025-4204-3 | |
| 000 | 00686nam0 2200241 45 | |
| 001 | 0358094753 | |
| 005 | 2003041816081475 | |
| 010 | @a7-5025-4204-3@dRMB 30.00 | |
| 100 | @a20030418d2003 km y0chiy0120 ea | |
| 101 | 0 | @achi |
| 102 | @aCN@b110000 | |
| 200 | 1 | @a小型污水处理与回用技术及装置@Axiao xing wu shui chu li yu hui yong ji shu ji zhuang zhi@f侯立安主编@FHou Li An Zhu Bian |
| 210 | @a北京@c化学工业出版社@d2003.01 | |
| 215 | @a366页@d20cm | |
| 606 | 0 | @a废物 |
| 606 | 0 | @a安全科学 |
| 606 | 0 | @a劳动保护 |
| 606 | 0 | @a废物处理 |
| 606 | 0 | @a废物综合利用 |
| 690 | @aX703@v4 | |
| 701 | 0 | @a侯立安@AHou Li An@4主编 |
| 801 | 0 | @aCN@bPFT@c20030418 |
| 905 | @a10447@dX703@eH426 | |
| 小型污水处理与回用技术及装置/侯立安主编.-北京:化学工业出版社,2003.01 |
| 366页;20cm |
| ISBN 7-5025-4204-3:RMB 30.00 |
| ● |
| 相关链接 |
|
|
|
正题名:小型污水处理与回用技术及装置
索取号:X703/H426
 
预约/预借
| 序号 | 登录号 | 条形码 | 馆藏地/架位号 | 状态 | 备注 |
| 1 | 365843 | 203658434 | 自科二线504/501自科库 104排1列4层/ [索取号:X703/H426] | 在馆 | |
| 2 | 365844 | 203658443 | 自科库501/501自科库 104排1列4层/ [索取号:X703/H426] | 在馆 |